<?xml version="1.0" encoding="UTF-8"?>
<record
    xmlns:xsi="http://www.w3.org/2001/XMLSchema-instance"
    xsi:schemaLocation="http://www.loc.gov/MARC21/slim http://www.loc.gov/standards/marcxml/schema/MARC21slim.xsd"
    xmlns="http://www.loc.gov/MARC21/slim">

  <leader>01302nam a2200253 a 4500</leader>
  <controlfield tag="001">39709</controlfield>
  <controlfield tag="003">BD-RjUL</controlfield>
  <controlfield tag="005">20211209053037.0</controlfield>
  <controlfield tag="008">160416t20071993ii a|||| |||| 00| 0dben d</controlfield>
  <datafield tag="020" ind1=" " ind2=" ">
    <subfield code="a">8170793076</subfield>
    <subfield code="c">: Tk. 440.00</subfield>
  </datafield>
  <datafield tag="035" ind1=" " ind2=" ">
    <subfield code="a">(BD-RjUL) 39822</subfield>
  </datafield>
  <datafield tag="040" ind1=" " ind2=" ">
    <subfield code="a">BD-RjUL</subfield>
    <subfield code="b">ben</subfield>
    <subfield code="c">BD-RjUL</subfield>
  </datafield>
  <datafield tag="041" ind1=" " ind2=" ">
    <subfield code="a">ben</subfield>
  </datafield>
  <datafield tag="082" ind1=" " ind2=" ">
    <subfield code="2">23</subfield>
    <subfield code="a">294.5925</subfield>
    <subfield code="b">BHP 2007</subfield>
  </datafield>
  <datafield tag="100" ind1=" " ind2=" ">
    <subfield code="a">&#x9AD;&#x99F;&#x9CD;&#x99F;&#x9BE;&#x99A;&#x9BE;&#x9B0;&#x9CD;&#x9AF;, &#x985;&#x9AE;&#x9BF;&#x9A4;&#x9CD;&#x9B0;&#x9B8;&#x9C2;&#x9A6;&#x9A8;</subfield>
    <subfield code="9">121202</subfield>
  </datafield>
  <datafield tag="245" ind1="1" ind2="0">
    <subfield code="a">&#x9AA;&#x9B0;&#x9BE;&#x9AE;&#x9C3;&#x9A4; &#x9B6;&#x9CD;&#x9B0;&#x9C0;&#x9B6;&#x9CD;&#x9B0;&#x9C0;&#x99A;&#x9C8;&#x9A4;&#x9A8;&#x9CD;&#x9AF;&#x99A;&#x9B0;&#x9BF;&#x9A4;&#x9BE;&#x9AE;&#x9C3;&#x9A4; :</subfield>
    <subfield code="b">&#x995;&#x9C3;&#x9B7;&#x9CD;&#x9A3;&#x9A6;&#x9BE;&#x9B8; &#x995;&#x9AC;&#x9BF;&#x9B0;&#x9BE;&#x99C; &#x9AC;&#x9BF;&#x9B0;&#x99A;&#x9BF;&#x9A4; &#x9AE;&#x9B9;&#x9BE;&#x9AA;&#x9CD;&#x9B0;&#x9AD;&#x9C1;&#x9B0; &#x9AA;&#x9C1;&#x9A3;&#x9CD;&#x9AF;&#x99C;&#x9C0;&#x9AC;&#x9A8;&#x9C0;&#x995;&#x9BE;&#x9AC;&#x9CD;&#x9AF;&#x9C7;&#x9B0; &#x997;&#x9A6;&#x9CD;&#x9AF;&#x9C7; &#x9AA;&#x9C1;&#x9A8;&#x983;&#x995;&#x9A5;&#x9A8; &#x997;&#x9CD;&#x9B0;&#x9A8;&#x9CD;&#x9A5;&#x9BE;&#x9B0;&#x9CD;&#x9A5;-&#x9AC;&#x9B0;&#x9CD;&#x9A3;&#x9A8; &#x993; &#x9B0;&#x9B8;-&#x986;&#x9B8;&#x9CD;&#x9AC;&#x9BE;&#x9A6;&#x9A8; /</subfield>
    <subfield code="c">&#x985;&#x9AE;&#x9BF;&#x9A4;&#x9CD;&#x9B0;&#x9B8;&#x9C2;&#x9A6;&#x9A8; &#x9AD;&#x99F;&#x9CD;&#x99F;&#x9BE;&#x99A;&#x9BE;&#x9B0;&#x9CD;&#x9AF;</subfield>
  </datafield>
  <datafield tag="250" ind1=" " ind2=" ">
    <subfield code="a">&#x9E9;&#x9AF;&#x9BC; &#x9B8;&#x982;. </subfield>
  </datafield>
  <datafield tag="260" ind1=" " ind2=" ">
    <subfield code="a">&#x995;&#x9B2;&#x9BF;&#x995;&#x9BE;&#x9A4;&#x9BE; : </subfield>
    <subfield code="b">&#x9A6;&#x9C7;'&#x99C; &#x9AA;&#x9BE;&#x9AC;&#x9B2;&#x9BF;&#x9B6;&#x9BF;&#x982;,</subfield>
    <subfield code="c">&#x9E7;&#x9EF;&#x9EF;&#x9E9;</subfield>
  </datafield>
  <datafield tag="300" ind1=" " ind2=" ">
    <subfield code="a">&#x9E9;&#x9EC;&#x9EA; &#x9AA;&#x9C3;. :</subfield>
    <subfield code="b">&#x99A;&#x9BF;&#x9A4;&#x9CD;&#x9B0; ;</subfield>
    <subfield code="c">&#x9E8;&#x9EB; &#x9B8;&#x9C7;&#x9AE;&#x9BF;. </subfield>
  </datafield>
  <datafield tag="500" ind1=" " ind2=" ">
    <subfield code="a">&#x9AA;&#x9B0;&#x9BF;&#x9B6;&#x9BF;&#x9B7;&#x9CD;&#x99F; &#x9B8;&#x982;&#x9AF;&#x9C1;&#x995;&#x9CD;&#x9A4;</subfield>
  </datafield>
  <datafield tag="600" ind1=" " ind2=" ">
    <subfield code="c">&#x99A;&#x9C8;&#x9A4;&#x9A8;&#x9CD;&#x9AF;</subfield>
    <subfield code="d">&#x9E7;&#x9EA;&#x9EE;&#x9EC;-&#x9E7;&#x9EB;&#x9E9;&#x9EA;</subfield>
    <subfield code="x">&#x99C;&#x9C0;&#x9AC;&#x9A8;&#x9C0;</subfield>
    <subfield code="9">122316</subfield>
  </datafield>
  <datafield tag="600" ind1=" " ind2=" ">
    <subfield code="a">Chaitanya</subfield>
    <subfield code="d">1486-1534</subfield>
    <subfield code="x">Biography</subfield>
    <subfield code="9">122317</subfield>
  </datafield>
  <datafield tag="942" ind1=" " ind2=" ">
    <subfield code="2">ddc</subfield>
    <subfield code="c">BK</subfield>
    <subfield code="0">2</subfield>
  </datafield>
  <datafield tag="999" ind1=" " ind2=" ">
    <subfield code="c">39709</subfield>
    <subfield code="d">39709</subfield>
  </datafield>
  <datafield tag="952" ind1=" " ind2=" ">
    <subfield code="0">0</subfield>
    <subfield code="1">0</subfield>
    <subfield code="2">ddc</subfield>
    <subfield code="4">0</subfield>
    <subfield code="7">1</subfield>
    <subfield code="8">NFIC</subfield>
    <subfield code="a">RUCL</subfield>
    <subfield code="b">RUCL</subfield>
    <subfield code="c">Reading</subfield>
    <subfield code="d">2015-07-06</subfield>
    <subfield code="e">Bathighar, Chittagong</subfield>
    <subfield code="g">440.00</subfield>
    <subfield code="l">0</subfield>
    <subfield code="o">B 294.5925 BHP 2007 </subfield>
    <subfield code="r">2016-04-16 00:00:00</subfield>
    <subfield code="t">C-1</subfield>
    <subfield code="w">2021-12-09</subfield>
    <subfield code="y">BK</subfield>
  </datafield>
  <datafield tag="952" ind1=" " ind2=" ">
    <subfield code="0">0</subfield>
    <subfield code="1">0</subfield>
    <subfield code="2">ddc</subfield>
    <subfield code="4">0</subfield>
    <subfield code="7">0</subfield>
    <subfield code="8">NFIC</subfield>
    <subfield code="a">RUCL</subfield>
    <subfield code="b">RUCL</subfield>
    <subfield code="c">Stack</subfield>
    <subfield code="d">2015-07-06</subfield>
    <subfield code="e">Bathighar, Chittagong</subfield>
    <subfield code="g">440.00</subfield>
    <subfield code="l">2</subfield>
    <subfield code="o">B 294.5925 BHP 2007 </subfield>
    <subfield code="r">2016-07-20 00:00:00</subfield>
    <subfield code="s">2016-06-25</subfield>
    <subfield code="t">C-2</subfield>
    <subfield code="w">2021-12-09</subfield>
    <subfield code="y">BK</subfield>
  </datafield>
  <datafield tag="952" ind1=" " ind2=" ">
    <subfield code="0">0</subfield>
    <subfield code="1">0</subfield>
    <subfield code="2">ddc</subfield>
    <subfield code="4">0</subfield>
    <subfield code="7">0</subfield>
    <subfield code="a">RUCL</subfield>
    <subfield code="b">RUCL</subfield>
    <subfield code="c">Stack</subfield>
    <subfield code="d">2017-04-17</subfield>
    <subfield code="e">RU VC office</subfield>
    <subfield code="g">130.00</subfield>
    <subfield code="l">0</subfield>
    <subfield code="o">B 294.5925 BHP 1998</subfield>
    <subfield code="r">2021-02-09 00:00:00</subfield>
    <subfield code="t">C-3</subfield>
    <subfield code="w">2021-02-09</subfield>
    <subfield code="y">BK</subfield>
  </datafield>
</record>
